| 000 | 01099cam a22003497a 4500 | ||
|---|---|---|---|
| 003 | CHAP | ||
| 005 | 20220329133205.0 | ||
| 008 | 971013s1980 r 00010 d | ||
| 010 | _a3179 | ||
| 011 | _a4151 | ||
| 035 | _a3353 | ||
| 040 | _cCHAP | ||
| 082 |
_a574.5 _bG61 1980 |
||
| 100 | 0 | 0 |
_aGómez Orea, Domingo. _949838 |
| 245 | 1 | 3 | _aEl medio físico y la planificación |
| 250 | _a2 ed | ||
| 260 |
_aMadrid : _bCentro Internacional de Formación en Ciencias Ambientales, _c1980 |
||
| 300 |
_a299 p. _b: ilus |
||
| 490 | 0 | _aCuadernos del CIFCA | |
| 500 | _aD48-241 | ||
| 590 |
_aBATCH-UPD _b10 _c20130110 _lUCH01 _h0149 |
||
| 590 |
_aBATCH-UPD _b10 _c20130110 _lUCH01 _h1904 |
||
| 590 |
_aBATCH-UPD _b10 _c20130410 _lUCH01 _h1232 |
||
| 590 |
_aBATCH-UPD _b10 _c20130914 _lUCH01 _h1109 |
||
| 590 |
_aCONVERSION _b10 _c20130109 _lUCH01 _h1303 |
||
| 650 | 1 | 4 |
_aMedio ambiente _xProtección. _974106 |
| 650 | 1 | 4 |
_aRecursos naturales. _995172 |
| 830 | 0 |
_aCuadernos del CIFCA _929829 |
|
| 901 | _aBK | ||
| 942 | _cLIBRO | ||
| 949 |
_a574.5 G61 1980 _bBC _cLIBRO _d33724000428306 _eLIBRO _h79890 _i3353 _mD _si |
||
| 999 |
_c3179 _d3179 |
||